Law & ethics of human rights

Guardado en:  
Detalles Bibliográficos
Tipo de documento: Electrónico Revista
Lenguaje:Inglés
Publicado: Berlin Boston De Gruyter 2007-
Berkeley, Calif. The Berkeley Electronic Press 2007-
Getzville, NY HeinOnline 2007-
Ramat Gan Academic Center of Law & Business 2007
En:Año: 2007
Acceso en línea: Volltext (Aggregator)
Volltext (Frontdoor-Url)
Volltext (Langzeitarchivierung Nationalbibliothek; 17.2023-)
Volltext (Publisher)
Verificar disponibilidad: HBZ Gateway
Servicio de pedido Subito: Pedir ahora.
Palabras clave:

MARC

LEADER 00000cas a2200000 c 4500
001 569616727
003 DE-627
005 20251223215427.0
007 cr |||||||||||
008 080619c20079999xxuf| p|o 0 |0eng c
016 7 |a 989174883  |2 DE-101 
016 7 |a 2431952-1  |2 DE-600 
022 |a 1938-2545 
024 8 |a Hein-lehr  |q Identnummer 
035 |a (DE-627)569616727 
035 |a (DE-576)28250043X 
035 |a (DE-599)ZDB2431952-1 
035 |a (OCoLC)1368771446 
040 |a DE-627  |b ger  |c DE-627  |e rakwb 
041 |a eng 
044 |c XD-US  |c XB-IL 
082 0 |a 342.08505  |q SEPA  |2 23/ger 
082 0 |a 340.11205  |q SEPA  |2 23/ger 
082 0 4 |a 320  |q DE-101 
082 0 4 |a 320  |q DE-600 
084 |a 2,1  |2 ssgn 
084 |a KRIM  |q DE-21  |2 fid 
084 |a INTRECHT  |q DE-1a  |2 fid 
222 0 |a Law & ethics of human rights 
245 0 0 |a Law & ethics of human rights 
246 3 3 |a Law and ethics of human rights 
264 3 1 |a Berlin  |a Boston  |b De Gruyter  |c 2007- 
264 3 1 |a Berkeley, Calif.  |b The Berkeley Electronic Press  |c 2007- 
264 3 1 |a Getzville, NY  |b HeinOnline  |c 2007- 
264 2 1 |a Ramat Gan  |b Academic Center of Law & Business  |c 2007 
300 |a Online-Ressource 
336 |a Text  |b txt  |2 rdacontent 
337 |a Computermedien  |b c  |2 rdamedia 
338 |a Online-Ressource  |b cr  |2 rdacarrier 
362 0 |a 1.2007 - 
363 0 1 |a 1  |i 2007 
500 |a Volltext auch als Teil einer Datenbank verfügbar 
500 |a Gesehen am 07.02.12 
591 |a C!URL-Ä(07-02-12) 
655 7 |a Zeitschrift  |0 (DE-588)4067488-5  |0 (DE-627)10454466X  |0 (DE-576)20917000X  |2 gnd-content 
776 1 |x 2194-6531 
856 4 0 |u https://ezb.ur.de/?2431952-1  |x Frontdoor-Url  |7 1 
856 4 0 |u https://www.degruyterbrill.com/lehr  |x Verlag  |7 1 
856 4 0 |u http://heinonline.org  |x Aggregator  |7 1 
856 4 0 |u https://digital.zlb.de/viewer/metadata/989174883/  |x Langzeitarchivierung Nationalbibliothek; 17.2023-  |7 1 
912 |a ZDB-1-BEP 
912 |a ZDB-52-LJL 
951 |a JT 
ELC |a 1 
LOK |0 000 xxxxxcy a22 3n 4500 
LOK |0 001 2985177626 
LOK |0 003 DE-627 
LOK |0 004 569616727 
LOK |0 005 20240720033301 
LOK |0 007 ccruuuuuuuuuuuu 
LOK |0 008 171020||||||||||||||||ger||||||| 
LOK |0 035   |a (DE-600)422542954 
LOK |0 040   |a DE-21  |c DE-627  |d DE-21 
LOK |0 092   |o k  |p n 
LOK |0 093   |e lokale Zeitschrift  |f Einzellizenz  |g Kostenpflichtig 
LOK |0 852   |a DE-21 
LOK |0 852 1  |9 00 
LOK |0 85640  |u https://ezb.ur.de/detail.phtml?bibid=UBTUE&jour_id=310654  |x EZB 
LOK |0 85901  |8 1.1  |a 1  |i 2007 
LOK |0 859   |y -003Y 
LOK |0 86630  |a 1.2007 - 
LOK |0 866 0  |z Die letzten 3 Jahrgänge sind nicht zugänglich 
LOK |0 935   |a cofz  |a zezb 
LOK |0 938   |l lokale Zeitschrift  |8 0 
LOK |0 938   |l Einzellizenz  |8 1 
LOK |0 938   |l Kostenpflichtig  |8 2 
LOK |0 939   |a 30-10-18  |b zez 
LOK |0 000 xxxxxcy a22 3n 4500 
LOK |0 001 4560906300 
LOK |0 003 DE-627 
LOK |0 004 569616727 
LOK |0 005 20240731070534 
LOK |0 007 ccruuuuuuuuuuuu 
LOK |0 008 240731||||||||||||||||ger||||||| 
LOK |0 035   |a (DE-600)1117045099 
LOK |0 040   |a DE-21  |c DE-627  |d DE-21 
LOK |0 092   |o e 
LOK |0 093   |e Volltext nur online  |f Nationallizenz  |g Kostenpflichtig 
LOK |0 852   |a DE-21 
LOK |0 852 1  |9 00 
LOK |0 85640  |u https://ezb.ur.de/detail.phtml?bibid=UBTUE&jour_id=106364  |x EZB 
LOK |0 85900  |8 1.1  |a 1  |i 2007 
LOK |0 85910  |8 1.2  |a 12  |i 2018 
LOK |0 866   |x Nationallizenz 
LOK |0 86630  |a 1.2007 - 12.2018 
LOK |0 912   |a natli_berkeley 
LOK |0 935   |a cofz  |a zezb 
LOK |0 938   |l Volltext nur online  |8 0 
LOK |0 938   |l Nationallizenz  |8 1 
LOK |0 938   |l Kostenpflichtig  |8 2 
LOK |0 939   |a 23-07-24  |b zez 
LOK |0 000 xxxxxcy a22 3n 4500 
LOK |0 001 4865444297 
LOK |0 003 DE-627 
LOK |0 004 569616727 
LOK |0 005 20260129071814 
LOK |0 007 ccruuuuuuuuuuuu 
LOK |0 008 260129||||||||||||||||ger||||||| 
LOK |0 035   |a (DE-600)1264829647 
LOK |0 040   |a DE-21  |c DE-627  |d DE-21 
LOK |0 092   |o k  |p n 
LOK |0 093   |e Volltext nur online  |f Konsortiallizenz  |g Kostenpflichtig 
LOK |0 852   |z Zulässig ist im Rahmen der Fernleihe bei elektronischer Übertragung zwischen den Bibliotheken nur der Ausdruck auf Papier. Dem Lizenznehmer ist es nicht erlaubt, sich kommerziell an entgeltlichen Dokumentenlieferdiensten zu beteiligen. 
LOK |0 852   |a DE-21 
LOK |0 852 1  |9 00 
LOK |0 85640  |u https://ezb.ur.de/detail.phtml?bibid=UBTUE&jour_id=106364  |x EZB 
LOK |0 85901  |8 1.1  |a 1  |i 2007 
LOK |0 866   |x Nationalkonsortium 
LOK |0 86630  |a 1.2007 - 
LOK |0 912   |a natli_degruyter_hss 
LOK |0 935   |a cofz  |a zezb 
LOK |0 938   |l Volltext nur online  |8 0 
LOK |0 938   |l Konsortiallizenz  |8 1 
LOK |0 938   |l Kostenpflichtig  |8 2 
LOK |0 939   |a 28-01-26  |b zez 
ORI |a SA-MARC-krimdoka001.raw